000 00552cam a22001815a 4500
001 ##L132832
008 060310s1962 xxk 000 0 eng u
035 _a(Sirsi) u132832
041 0 _aeng
050 0 4 _a333.0062 $2 18
110 2 _aRoyal Institution of Chartered Surveyors
_94900
245 0 0 _aConstitution and regulations of the branches
260 _aLondon
_bRICS
_c1962
300 _a12p.
_c22cm.
651 4 _aUnited Kingdom
_y
690 _aABOUT RICS-RICS STRUCTURE AND GOVERNANCE-RICS REGULATIONS-RICS CONDUCT REGULATIONS
942 _n0
999 _c105253
_d105253